000
00235nam a22001097a 4500
999
_c
260945
_d
260944
020
_a
9780545389891
100
_a
Peg Kehret
245
_a
Ghost Dog Secrets
260
_a
New York
_b
Scholastic
_c
2010
300
_a
184 pgs
942
_c
BK